000 00359nam a2200133Ia 4500
008 240624s9999 xx 000 0 und d
041 _aeng
082 _a658.40722 PAR
100 _aPARKINSON MARJAN MARANDI
245 _aCORPORATE GOVERNANCE IN TRANSITION DEALI
260 _c2018
_aSingapore
_bPalgrave
300 _avii, 309 p.; 23 cm.
365 _cERU
_b31
999 _c31966
_d31966